000 00771nam a22001937a 4500
008 140523b xxu||||| |||| 00| 0 eng d
041 0 _aeng
080 _a355/359
_x(035)
110 _aNorth Atlantic Treaty Organization.
245 1 0 _aThe North Atlantic Treaty Organization :
_cthe North Atlantic Treaty Organization.
246 3 0 _aNATO hand book
250 _a6th ed.-<12th ed.>
260 _aParis, France :
_bThe Organization,
_c1953.
300 _a403 f.:
_bme il.;
_c21 cm.
650 0 _aOrganizata e Traktatit të Atlantikut të Veriut
_vBotim periodik
710 2 _aOrganizata e Traktatit të Atlantikut të Veriut
_bShërbime të informimit
710 2 _aOrganizata e Traktatit të Atlantikut të Veriut
_bDvizioni i informacionit
942 _2udc
_cBK
999 _c465
_d465